| 000 | 01047ngm a2200253 u 4500 | ||
|---|---|---|---|
| 005 | 20250314063743.0 | ||
| 008 | 080930s2006 mx 026 aaspa d | ||
| 035 | _aUPN01000161516 | ||
| 049 | _aAV | ||
| 050 | 4 | _aDVD BJ 94 | |
| 245 | 0 | 0 |
_aConociendo la responsabilidad : _bDeseando un perro / _cdir. Sheldon Cohen. |
| 260 |
_aMéxico : _bQuality Films, _cc2006. |
||
| 300 |
_a1 DVD (26 min.) : _bson., col. _c4 3/4 plg. |
||
| 440 | 0 | _aIdeas educativas | |
| 500 | _aCaractéristicas especiales: Idiomas español e inglés | ||
| 520 | _aMay es una simpática niña que desea tener un perro. Pasa gran parte de su tiempo dibujándolos, decorando su cuarto con fotos y soñándolos, debido a que sus padres no le quieren comprar uno por todas las responsabilidades que implica el cuidarlos | ||
| 650 | 2 |
_aResponsabilidad _91398 |
|
| 650 | 0 |
_aPerros _vCuentos y leyendas _98586 |
|
| 650 | 2 |
_aJusticia _919087 |
|
| 650 | 2 |
_aRespeto _94166 |
|
| 650 | 2 |
_aLibertad de expresión _96920 |
|
| 700 | 1 |
_aCohen, Sheldon, _edir. |
|
| 905 | _aAudiovisuales | ||
| 999 |
_c133629 _d133629 |
||